Random Easy Quiz - Statistics

General Stats
  • This quiz has been taken 39 times
  • The average score is 10 of 15
Answer Stats
Question Answer % Correct
EU European Union
100%
Poo Poo
100%
Potato Potato Potato
100%
Hola Spanish
100%
The fith number. 5
88%
Hi! Hi!
88%
Mustache Mustache
75%
1+1=___ 2
63%
2+2=___ 4
63%
10+10=___ 20
50%
1+2=___ 3
50%
Fart Fart
50%
La La
50%
Wat? Fart
0%
3rd month? Fart
0%
No matching quizzes found
Score Distribution
Percent of People with Each Score
Percentile by Number Answered
Your Score History
You have not taken this quiz